00430nam a2200181Ia 4500003000400000005001700004008004000021020001800061040000700079041000800086082001700094100002300111245002900134250000600163260004700169300001100216700002100227OSt20250808092810.0210210b2018 xxu||||| |||| 00| 0 eng d a9789353062989 cAL aeng a621.367 GOND aGonzalez, Rafael C aDigital image processing a4 aNew DelhibPearson Education Pvt Ltdc2018 a1019p. aWoods, Richard E